000 00305nam a2200109Ia 4500
008 201217s9999 xx 000 0 und d
100 _aChandra, satish Ed.
245 0 _a(The) Indian Ocean Explorations is History,Commerce & Politics
260 _aNew Delhi
_bSAGE Publications
300 _a334
942 _cBK
999 _c7641
_d7641